000 00424nam a2200157Ia 4500
008 240729s9999 xx 000 0 und d
022 _a2008-5842
245 0 _aElectronic Physician
260 _aIran, Islamic Republic of
260 _bElectronic Physician
650 _a Medicine (General)
650 _aMedicine
856 _uhttps://doaj.org/toc/21bbf35b586c47daa59184fc2b34cf77
942 _2ddc
942 _cDOAJEJ
999 _c72024
_d72024
945 _a1
_bMadushi Gamage
_c1
_dMadushi Gamage